The arrogance of power (Record no. 109)

MARC details
000 -LEADER
fixed length control field 00599nam a2200157 a 4500
008 - FIXED-LENGTH DATA ELEMENTS--GENERAL INFORMATION
fixed length control field 120927s1966 ||||||||||||||||| || u
050 ## - LIBRARY OF CONGRESS CALL NUMBER
Classification number E 744 Ful
100 ## - MAIN ENTRY--PERSONAL NAME
Personal name Fulbright, J. William
245 14 - TITLE STATEMENT
Title The arrogance of power
Statement of responsibility, etc. by J. William Fulbright
260 ## - PUBLICATION, DISTRIBUTION, ETC.
Place of publication, distribution, etc. New York:
Name of publisher, distributor, etc. Vintage Books
Date of publication, distribution, etc. 1966
300 ## - PHYSICAL DESCRIPTION
Extent xv, 264p.
500 ## - GENERAL NOTE
General note Includes Bibliography
650 ## - SUBJECT ADDED ENTRY--TOPICAL TERM
Topical term or geographic name entry element WORLD POLITICS--1945-1989
650 ## - SUBJECT ADDED ENTRY--TOPICAL TERM
Topical term or geographic name entry element UNITED STATES--FOREIGN RELATIONS--1945-
995 ## -
-- SPECIAL COLLECTIONS
-- 500140
-- CBU-DAG HAMMARSKJOLD INSTITUTE LIBRARY
-- DAG E 744 Ful
-- 1
-- AVAILABLE
-- Oct 25, 2012
-- 500140
-- DHIPS Book Collection
999 ## -
-- 109
-- 109
Holdings
Withdrawn status Lost status Source of classification or shelving scheme Damaged status Not for loan Permanent Location Current Location Shelving location Date acquired Total Checkouts Full call number Barcode Date last seen Price effective from Koha item type
          CBU-DAG HAMMARSKJOLD INSTITUTE CBU-DAG HAMMARSKJOLD INSTITUTE   11/28/2022   E 744 Ful 500140 11/28/2022 11/28/2022 MONOGRAPH